| 000 | 00912cam a2200337 4500500 | ||
|---|---|---|---|
| 005 | 20260329003242.0 | ||
| 041 | _afre | ||
| 042 | _adc | ||
| 100 | 1 | 0 |
_aEnthoven, Raphaël _eauthor |
| 245 | 0 | 0 | _aGuide d’autodéfense contre le fanatisme |
| 260 | _c2015. | ||
| 500 | _a3 | ||
| 690 | _aAbdennour Bidar | ||
| 690 | _aAthéisme | ||
| 690 | _aCharlie Hebdo | ||
| 690 | _aCoran | ||
| 690 | _aCoulibaly | ||
| 690 | _aDjihadisme | ||
| 690 | _afanatisme | ||
| 690 | _aIslam | ||
| 690 | _aKouachi | ||
| 690 | _aLiberté | ||
| 690 | _aMusulman | ||
| 690 | _aPaolo Flores d’Arcais | ||
| 690 | _aRaphaël Enthoven | ||
| 690 | _aReligion | ||
| 690 | _aRémi Brague | ||
| 690 | _aTerrorisme | ||
| 786 | 0 | _nPhilosophie magazine | 87 | 3 | 2015-03-01 | p. 56-56 | 1951-1787 | |
| 856 | 4 | 1 | _uhttps://shs.cairn.info/magazine-philosophie-magazine-2015-3-page-56?lang=fr&redirect-ssocas=7080 |
| 999 |
_c1822817 _d1822817 |
||